000
00352cam a2200169ua 4500
020
_c
Rs. 1.25
041
_a
mal
_h
082
_a
894.8124
_b
KOD/UO
100
_a
Kodupunna, .
245
_a
Gopuram
260
_a
:
_b
Kodupunna ,
_c
1961.
300
_a
112 ; .
365
_a
Rs. 1.25
504
_a
942
_c
BK
999
_c
4493
_d
4493